Povinnosti zamestnávateľa v oblasti mzdového účtovníctva pri uzatváraní roku 2016 a prechode na rok 2017
Tvorba rezerv súvisiacich so mzdovými nákladmi. Náhrady mzdy za nevyčerpanú dovolenku a povinnosť vrátenia náhrad za prečerpanú dovolenku. Inventarizácia pohľadávok a záväzkov voči zamestnancom a inštitúciám sociálneho a zdravotného poistenia a správcovi dane. Zúčtovanie prostriedkov sociálneho fond...
Guardado en:
| Autor principal: | |
|---|---|
| Formato: | Capítulo de libro |
| Lenguaje: | eslovaco |
| Materias: | |
| Etiquetas: |
Sin Etiquetas, Sea el primero en etiquetar este registro!
|
MARC
| LEADER | 00000naa a2200000 4500 | ||
|---|---|---|---|
| 001 | 0225907 | ||
| 005 | 20221104112026.6 | ||
| 041 | 0 | |a slo | |
| 044 | |a SK | ||
| 245 | 1 | 0 | |a Povinnosti zamestnávateľa v oblasti mzdového účtovníctva pri uzatváraní roku 2016 a prechode na rok 2017 |c Eva Gášpárová |
| 520 | |a Tvorba rezerv súvisiacich so mzdovými nákladmi. Náhrady mzdy za nevyčerpanú dovolenku a povinnosť vrátenia náhrad za prečerpanú dovolenku. Inventarizácia pohľadávok a záväzkov voči zamestnancom a inštitúciám sociálneho a zdravotného poistenia a správcovi dane. Zúčtovanie prostriedkov sociálneho fondu za kalendárny rok. Potvrdenie o zdaniteľných príjmoch FO zo závislej činnosti za rok 2016. Výpočet veličín platných pre rok 2017 z údajov dosiahnutých v roku 2016. Vyhlásenie na uplatnenie nezdaniteľnej časti základu dane na daňovníka a daňového bonusu v roku 2017. | ||
| 610 | 2 | 0 | |a účtovníctvo mzdové |
| 610 | 2 | 0 | |a povinnosti zamestnávateľov |
| 610 | 2 | 0 | |a náklady mzdové |
| 610 | 2 | 0 | |a rezervy |
| 610 | 2 | 0 | |a poistenie sociálne |
| 610 | 2 | 0 | |a poistenie zdravotné |
| 610 | 2 | 0 | |a pohľadávky |
| 610 | 2 | 0 | |a záväzky |
| 610 | 2 | 0 | |a základ dane |
| 610 | 2 | 0 | |a zamestnanci |
| 610 | 2 | 0 | |a zamestnávatelia |
| 100 | 1 | |a Gášpárová, Eva | |